Formes brèves de l'expression culturelle en Amérique Latine de 1850 à nos jours (notice nᵒ 3839)
[ vue normale ]
| 000 -Sello discográfico | |
|---|---|
| campo de control de longitud fija | 01362nam a2200325 4500 |
| 005 - Identificación de versión | |
| campo de control | 20251016083701.0 |
| 010 ## - Número Estándar Internacional de Libros (ISBN) | |
| Número (ISBN) | 2-87854-128-6 (v.1) |
| 010 ## - Número Estándar Internacional de Libros (ISBN) | |
| Número (ISBN) | 2-87854-144-8 (v.2) |
| 035 ## - Otros números de control del sistema | |
| Número de control del sistema | 25180 |
| 099 ## - fechas locales | |
| Tipo de ítem Koha | LIBRO |
| 100 ## - Datos de procesamiento general | |
| Datos de procesamiento general | 19981221d1997 m y1spay5003 ba |
| 105 ## - Campo de datos codificados: Material textual, monográfico | |
| Datos codificados de monografía | y 001zy |
| 200 1# - Título y mención de responsabilidad | |
| Título propio | Formes brèves de l'expression culturelle en Amérique Latine de 1850 à nos jours |
| Designación general del material | texto impreso |
| Primer mención de responsabilidad | Centre de Recherches Interuniversitaire sur les Champs Culturels en Amérique Latine |
| 210 ## - Publicación, distribución, etc. | |
| Lugar de publicación, distribución, etc. | Paris |
| Nombre del editor, distribuidor, etc. | Presses de la Sorbonne Nouvelle |
| Fecha de publicación, distribución, etc. | 1997 |
| 215 ## - Descripción física | |
| Designación de material específico y extensión del ítem | 2 v |
| Dimensiones | 24 cm |
| 300 ## - Notas generales | |
| Texto de la nota | Algunos textos están en español |
| 327 ## - Nota de contenidos | |
| Texto de la nota | v.1: Poétique de la forme brève, Conte et Nouvelle -- v.2: Poésie, Théâtre, Chanson, Chronique, Récit de vie bref, Essai |
| 345 ## - Nota de información de adquisición | |
| Fuente de adquisición/dirección de la suscripción [OBSOLETO] | Compra |
| 410 #1 - Series | |
| Título | América |
| Nombre de parte o sección | Cahiers du CRICCAL |
| Número Internacional Normalizado para Publicaciones Seriadas | 0982-92237 |
| Número de volumen | 18 |
| 606 ## - Término temático usado como materia | |
| Elemento de entrada | Literatura hispanoamericana |
| Subdivisión temática | Historia y crítica |
| Número Koha | 4668 |
| 710 ## - Nombre de entidad corporativa - Responsabilidad primaria | |
| Elemento de entrada | Centre de Recherches Interuniversitaire sur les Champs Culturels en Amérique Latine |
| Adición al nombre o calificador | France |
| Número Koha | 7588 |
| 801 #0 - Fuente de origen | |
| Agencia | cm |
| 900 ## - | |
| -- | 1/18041 |
| 900 ## - | |
| -- | 710989645\\211298 |
| 942 ## - ELEMENTOS DE ENTRADA SECUNDARIOS (KOHA) | |
| Tipo de ítem Koha | Livre |
| 996 ## - | |
| -- | MEX |
| -- | 751145101 |
| -- | MMAG |
| -- | 010227 |
| -- | H860.90 F725 V.1 |
| -- | 20240419LIV |
| 996 ## - | |
| -- | MEX |
| -- | 751145101 |
| -- | MMAG |
| -- | 010228 |
| -- | H860.90 F725 V.2 |
| -- | 20240419LIV |
| Estatus retirado | Estado de daño | Estado de pérdida | Fecha de adquisición | Biblioteca de origen | Biblioteca actual | Ubicación en estantería | Código de barras | Precio de reemplazo | Signatura topográfica completa | No para préstamo | Tipo de ítem Koha | Nota pública | Nota no pública |
|---|---|---|---|---|---|---|---|---|---|---|---|---|---|
| 05/08/2025 | Casa México Paris | Casa México Paris | 010227 | 05/08/2025 | H860.90 F725 V.1 | Livre | 20240419LIV | 751145101 | |||||
| 05/08/2025 | Casa México Paris | Casa México Paris | 010228 | 05/08/2025 | H860.90 F725 V.2 | Livre | 20240419LIV | 751145101 |